[Event "AUTO-INT-176"]
[Site "http://www.queenalice.com/game.php?id=107726"]
[Date "2006.9.19"]
[Round "1"]
[White "J_Ricardo"]
[Black "ryan_07"]
[Result "1-0"]
[WhiteElo "1577"]
[BlackElo "1440"]

1. e4 d5 2. e5 e6 3. d4 Bb4+ 4. c3 Ba5 5. Be2 Nc6 6. Nf3 Bd7 7. Bg5 Qc8 8. Bd3
h6 9. Bf4 g5 10. Bg3 b6 11. Na3 f5 12. h3 g4 13. hxg4 fxg4 14. Nh2 Qd8 15. Qxg4
Nce7 16. Bh4 1-0

[Event "AUTO-INT-176"]
[Site "http://www.queenalice.com/game.php?id=107727"]
[Date "2006.9.19"]
[Round "1"]
[White "ryan_07"]
[Black "J_Ricardo"]
[Result "0-1"]
[WhiteElo "1455"]
[BlackElo "1565"]

1. e4 e5 2. Nf3 d6 3. d4 Qf6 4. Bg5 Qe6 5. Bh4 Nh6 6. d5 Qg6 7. g3 Qxe4+ 8. Qe2
Qxd5 9. Bg2 Bg4 10. Nc3 Qc5 11. h3 Bf5 12. g4 Bg6 13. Na4 Qa5+ 14. Nc3 Nc6 15.
O-O Be7 16. Bxe7 Nxe7 0-1

[Event "AUTO-INT-176"]
[Site "http://www.queenalice.com/game.php?id=107742"]
[Date "2006.9.19"]
[Round "1"]
[White "marcosnatal"]
[Black "ryan_07"]
[Result "1-0"]
[WhiteElo "1597"]
[BlackElo "1392"]

1. d4 d5 2. c4 dxc4 3. a4 e6 4. Nc3 Bb4 5. Nf3 Nc6 6. Bg5 f6 7. Bh4 e5 8. dxe5
Qxd1+ 9. Rxd1 Bg4 10. exf6 Nxf6 11. Bxf6 gxf6 12. h3 Bxf3 13. exf3 a5 14. Bxc4
Nd4 15. Rxd4 c5 16. Re4+ Kd7 17. O-O 1-0

[Event "AUTO-INT-176"]
[Site "http://www.queenalice.com/game.php?id=107743"]
[Date "2006.9.19"]
[Round "1"]
[White "ryan_07"]
[Black "marcosnatal"]
[Result "0-1"]
[WhiteElo "1400"]
[BlackElo "1589"]

1. e4 e5 2. Nf3 Nc6 3. d4 d6 4. d5 Nce7 5. Bb5+ Bd7 6. Bxd7+ Qxd7 7. Nc3 Nf6 8.
Bg5 h6 9. Bxf6 gxf6 10. O-O O-O-O 11. a4 c6 12. b3 f5 13. h3 fxe4 14. Nxe4 Bg7
15. c4 f5 16. b4 fxe4 17. Nh4 Bf6 0-1

[Event "AUTO-INT-176"]
[Site "http://www.queenalice.com/game.php?id=107755"]
[Date "2006.9.19"]
[Round "1"]
[White "Altos"]
[Black "ryan_07"]
[Result "1-0"]
[WhiteElo "1717"]
[BlackElo "1407"]

1. e4 d5 2. exd5 Qxd5 3. Nc3 Qe5+ 4. Qe2 Qxe2+ 5. Bxe2 Nc6 6. Bb5 Bd7 7. d3 a6
8. Bc4 Nb4 9. Kd1 Nf6 10. Bd2 Ng4 11. Be3 Nxf2+ 12. Bxf2 Bg4+ 13. Nge2 e6 14. a3
O-O-O 15. axb4 1-0

[Event "AUTO-OPEN-393"]
[Site "http://www.queenalice.com/game.php?id=107850"]
[Date "2006.9.19"]
[Round "1"]
[White "kirkooo"]
[Black "ryan_07"]
[Result "1-0"]
[WhiteElo "1403"]
[BlackElo "1387"]

1. e4 d5 2. Nc3 Nf6 3. f3 dxe4 4. fxe4 Bg4 5. Be2 Bxe2 6. Ngxe2 e6 7. d4 Nc6 8.
Bg5 Be7 9. e5 Nd5 10. Bxe7 Ncxe7 11. Nxd5 Qxd5 12. Nf4 Qe4+ 13. Qe2 Qxf4 14. c3
Nd5 15. Qf3 Qxf3 16. gxf3 Ne3 17. Rg1 1-0

[Event "AUTO-OPEN-393"]
[Site "http://www.queenalice.com/game.php?id=107851"]
[Date "2006.9.19"]
[Round "1"]
[White "ryan_07"]
[Black "kirkooo"]
[Result "0-1"]
[WhiteElo "1404"]
[BlackElo "1386"]

1. e4 c5 2. Nc3 Nc6 3. d3 d6 4. Bg5 h6 5. Bh4 g5 6. Bg3 e5 7. Nd5 Nf6 8. Nf3 Bg4
9. Be2 Nxd5 10. exd5 Nd4 11. Nxd4 Bxe2 12. Qxe2 cxd4 13. O-O Be7 14. c4 dxc3 15.
bxc3 b5 16. c4 a6 17. a4 Bf6 0-1

[Event "AUTO-OPEN-393"]
[Site "http://www.queenalice.com/game.php?id=107878"]
[Date "2006.9.19"]
[Round "1"]
[White "ryan_07"]
[Black "z3r0vulc4n"]
[Result "0-1"]
[WhiteElo "1482"]
[BlackElo "1447"]

1. e4 e5 2. Nf3 Nc6 3. d4 exd4 4. Nxd4 Nxd4 5. Qxd4 c6 6. Nc3 Nf6 7. f3 g6 8.
Bg5 Be7 9. Bc4 b5 10. Bb3 h6 11. O-O hxg5 12. Rae1 Qc7 13. e5 Nd5 14. e6 Rh4 15.
Qg7 Bc5+ 16. Kh1 Qxh2# 0-1

[Event "AUTO-OPEN-393"]
[Site "http://www.queenalice.com/game.php?id=107879"]
[Date "2006.9.19"]
[Round "1"]
[White "z3r0vulc4n"]
[Black "ryan_07"]
[Result "1-0"]
[WhiteElo "1406"]
[BlackElo "1480"]

1. e4 d5 2. exd5 Qxd5 3. Nc3 Qe5+ 4. Be2 Bg4 5. f3 Bd7 6. d4 Qe6 7. f4 Nf6 8.
Nf3 Bc6 9. Ne5 Bxg2 10. Rg1 Bh3 11. Nb5 Na6 12. c3 c6 13. Bc4 Qf5 14. Bxf7+ Kd8
15. Qb3 Qe4+ 16. Kd1 Qf3+ 17. Nxf3 Ne4 18. Na3 Nf2+ 19. Ke1 Ne4 20. Ne5 b6 21.
Bh5 Nd6 22. c4 Be6 23. d5 cxd5 24. cxd5 1-0

[Event "AUTO-OPEN-402"]
[Site "http://www.queenalice.com/game.php?id=110671"]
[Date "2006.9.28"]
[Round "1"]
[White "marcelosi"]
[Black "ryan_07"]
[Result "1-0"]
[WhiteElo "1183"]
[BlackElo "1358"]

1. e4 d5 2. Qh5 g6 3. Qe5 f6 4. Qd4 e5 5. Qe3 d4 6. Qf3 Nh6 7. d3 Bb4+ 8. c3 Bf8
9. cxd4 exd4 10. b3 Bg4 11. Qg3 1-0

[Event "AUTO-OPEN-402"]
[Site "http://www.queenalice.com/game.php?id=110672"]
[Date "2006.9.28"]
[Round "1"]
[White "ryan_07"]
[Black "marcelosi"]
[Result "0-1"]
[WhiteElo "1358"]
[BlackElo "1255"]

1. e4 e5 2. Nf3 Nc6 3. Nc3 Nf6 4. Bb5 Bb4 5. Bxc6 Bxc3 6. Ba4 Bd4 7. c3 Bb6 8.
Nxe5 Nxe4 9. Nd3 Qe7 10. f3 Nf2+ 0-1